<?xml version="1.0" encoding="UTF-8"?><?xml-stylesheet type="text/xsl" href="static/style.xsl"?><OAI-PMH xmlns="http://www.openarchives.org/OAI/2.0/" xmlns:xsi="http://www.w3.org/2001/XMLSchema-instance" xsi:schemaLocation="http://www.openarchives.org/OAI/2.0/ http://www.openarchives.org/OAI/2.0/OAI-PMH.xsd"><responseDate>2026-06-29T02:29:33Z</responseDate><request verb="GetRecord" identifier="oai:docta.ucm.es:20.500.14352/115446" metadataPrefix="marc">https://docta.ucm.es/rest/oai/request</request><GetRecord><record><header><identifier>oai:docta.ucm.es:20.500.14352/115446</identifier><datestamp>2025-03-18T14:59:27Z</datestamp><setSpec>com_20.500.14352_14</setSpec><setSpec>col_20.500.14352_15</setSpec></header><metadata><record xmlns="http://www.loc.gov/MARC21/slim" xmlns:dcterms="http://purl.org/dc/terms/" xmlns:xsi="http://www.w3.org/2001/XMLSchema-instance" xmlns:doc="http://www.lyncode.com/xoai" xsi:schemaLocation="http://www.loc.gov/MARC21/slim http://www.loc.gov/standards/marcxml/schema/MARC21slim.xsd">
   <leader>00925njm 22002777a 4500</leader>
   <datafield ind2=" " ind1=" " tag="042">
      <subfield code="a">dc</subfield>
   </datafield>
   <datafield ind2=" " ind1=" " tag="720">
      <subfield code="a">Casanova Varela, José Basilio</subfield>
      <subfield code="e">author</subfield>
   </datafield>
   <datafield ind2=" " ind1=" " tag="260">
      <subfield code="c">2019</subfield>
   </datafield>
   <datafield ind2=" " ind1=" " tag="520">
      <subfield code="a">En este trabajo se ha analizado una secuencia específica del filme El caballero oscuro (2008), de Christopher Nolan, con el propósito de mostrar cómo se fragua o moldea la figura del psicópata en el cine contemporáneo. Es un hecho que el psicópata se ha apoderado del audiovisual actual -El club de la lucha, Seven, El silencio de los corderos, American Pycho, Funny Games, Joker, Joker 2, Mindhunter, You, Monstruo: La historia de Jeffrey Dahmer son solo unos pocos ejemplos- y por eso resulta urgente examinar a fondo su a menudo fascinante presencia visual y también narrativa. La escena escogida para el análisis resulta especialmente elocuente al estar centrada en la relación del psicópata con sus vínculos afectivos más fuertes y primarios, especialmente aquellos relacionados con el campo de la mirada, es decir, en cómo es visto el personaje del Joker desde el origen.</subfield>
   </datafield>
   <datafield ind1="8" ind2=" " tag="024">
      <subfield code="a">Casanova Varela, B. (2019). La forja del psicópata (El caballero oscuro, Christopher Nolan, 2008). Revista De Medicina Y Cine, 15(1), 17–23. Recuperado a partir de https://revistas.usal.es/cinco/index.php/medicina_y_cine/article/view/rmc.20238</subfield>
   </datafield>
   <datafield ind1="8" ind2=" " tag="024">
      <subfield code="a">1885-5210</subfield>
   </datafield>
   <datafield ind1="8" ind2=" " tag="024">
      <subfield code="a">https://hdl.handle.net/20.500.14352/115446</subfield>
   </datafield>
   <datafield ind1="8" ind2=" " tag="024">
      <subfield code="a">https://revistas.usal.es/cinco/index.php/medicina_y_cine/article/view/rmc.20238</subfield>
   </datafield>
   <datafield ind2="0" ind1="0" tag="245">
      <subfield code="a">La forja del psicópata (El caballero oscuro, Christopher Nolan, 2008)</subfield>
   </datafield>
</record></metadata></record></GetRecord></OAI-PMH>